LEADER 01287nam a2200289 4500 001 000000354292 003 CaOOAMICUS 005 20230619090802.0 008 230616s1985 sw 100 u eng r 020 $a2-8254-0758-5 040 $aSeMil$bita 245 00$aEcumenical perspectives on baptism, eucharist and ministry / $cedited by Max Thurian. 250 $a2. ed. 264 1$aGeneva :$bWorld Council of Churches,$c1985. 300 $aXVIII, 246 p. ;$c22 cm 490 1 $aFaith and order paper ;$v116 650 4$aEcumenismo - Atti di congressi.$0(OLS)http://semarc/subject/8000 650 4$aSacramenti e unità cristiana.$0(OLS)http://semarc/subject/41412 700 1 $aThurian, Max,$d<1921-1996>.$0(OLS)http://semarc/name/7144 830 0$aFaith and order paper ;$v116.$0(OLS)http://semarc/title/444423 850 $aSeMil 852 $aSeMil$W1$xVenegono$y1$m2K III 319$j242480$B245550$CSeMilBibl$Z2$F245550 $81 961 $aCaspani don Pierpaolo - Omaggio 996 $6020$a2-8254-0758-5$9(OLS)http://semarc/number/298373 996 $6245$aEcumenical perspectives on baptism, eucharist and ministry / $9(OLS)http://semarc/title/444427 996 $6264$aGeneva :$bWorld Council of Churches$9(OLS)http://semarc/publisher/30619 LEADER 01224nam a2200289 i 4500 001 000000058459 003 CaOOAMICUS 005 20250908145552.0 008 050308s1980 it u000 u mul u 020 $a88-02-03534-2 040 $aSeMil$bita 100 1 $aMartialis, Marcus Valerius,$d.$0(OLS)http://semarc/name/9079 245 10$aEpigrammi /$cdi Marco Valerio Marziale ; a cura di Giuseppe Norcio. 264 1$aTorino :$bUnione Tipografico-Editrice Torinese,$c1980. 300 $a947 p., [9] c. di tav. 490 1 $aClassici latini 500 $aContiene: Epigrammi ; Il libro sugli spettacoli ; Appendice metrica 546 $aTesto latino a fronte 700 1 $aNorcio, Giuseppe.$0(OLS)http://semarc/name/25662 830 0$aClassici latini .$0(OLS)http://semarc/title/101 850 $aSeMil 852 $aSeMil$W1$xVenegono$y1$m1Y VI 1$j261561$B24612$CSeMilBibl$Z2$F24615 $81 961 $aAcquisto: Casa editrice 996 $6020$a88-02-03534-2$9(OLS)http://semarc/number/34068 996 $6245$aEpigrammi$9(OLS)http://semarc/title/91089 996 $6264$aTorino :$bUnione Tipografico-Editrice Torinese$9(OLS)http://semarc/publisher/29628